FINANCIAL INSTITUTIONS AND MARKETS (Record no. 86209)
[ view plain ]
| 000 -LEADER | |
|---|---|
| fixed length control field | 00239nam a2200097Ia 4500 |
| 050 ## - LIBRARY OF CONGRESS CALL NUMBER | |
| Classification number | HG 181 .M33 2006 |
| 100 ## - MAIN ENTRY--PERSONAL NAME | |
| Personal name | MADURA,JEFF |
| 245 #0 - TITLE STATEMENT | |
| Title | FINANCIAL INSTITUTIONS AND MARKETS |
| 942 ## - ADDED ENTRY ELEMENTS (KOHA) | |
| Koha item type | Long Loan Book |
| Withdrawn status | Lost status | Source of classification or shelving scheme | Damaged status | Not for loan | Collection | Home library | Current library | Date acquired | Inventory number | Total checkouts | Full call number | Barcode | Date last seen | Copy number | Price effective from | Koha item type |
|---|---|---|---|---|---|---|---|---|---|---|---|---|---|---|---|---|
| Library of Congress Classification | Business & Economics | Kisii University Library | Kisii University Library | 01/23/2024 | 23290 | HG 181 .M33 2006 | 010263 | 01/23/2024 | C.1 | 01/23/2024 | Long Loan Book | |||||
| Library of Congress Classification | Business & Economics | Kisii University Library | Kisii University Library | 01/23/2024 | 23291 | HG 181 .M33 2006 | 010264 | 01/23/2024 | C.2 | 01/23/2024 | Long Loan Book | |||||
| Library of Congress Classification | Reserve | Kisii University Library | Kisii University Library | 02/05/2024 | 23317 | HG 181 .M33 2006 | 000269 | 02/05/2024 | 4 | 02/05/2024 | Short Loan Book |